101 Countries - One-Word Clues - Statistics

General Stats
  • This quiz has been taken 91 times
  • The average score is 65 of 101
Answer Stats
Clue Country % Correct
Beatles United Kingdom
98%
Eiffel France
93%
Taliban Afghanistan
91%
Kangaroos Australia
91%
Hitler Germany
91%
Pizza Italy
91%
Samurai Japan
91%
Chernobyl Ukraine
91%
Castro Cuba
90%
Everest Nepal
90%
Dracula Romania
90%
IKEA Sweden
90%
Pope Vatican City
90%
Sarajevo Bosnia and Herzegovina
89%
Pyramids Egypt
89%
Judaism Israel
89%
Casablanca Morocco
89%
Bolívar Bolivia
88%
Curry India
86%
Sombrero Mexico
86%
Mecca Saudi Arabia
86%
Sparta Greece
85%
Schwarzenegger Austria
84%
Maple Canada
84%
Persia Iran
84%
Canal Panama
84%
Carnivals Brazil
83%
Casino Monaco
83%
Messi Argentina
81%
Escobar Colombia
81%
Genghis Mongolia
81%
Incas Peru
81%
Bengali Bangladesh
80%
Lego Denmark
80%
Ronaldo Portugal
80%
Hamburger United States
80%
Mesopotamia Iraq
79%
Neutral Switzerland
79%
Lemur Madagascar
78%
EU Belgium
77%
Angkor Cambodia
77%
Galápagos Ecuador
77%
Gaddafi Libya
77%
Kebab Turkey
77%
Djokovič Serbia
75%
Paella Spain
75%
Goulash Hungary
74%
Dubrovnik Croatia
73%
Petra Jordan
73%
Kardashian Armenia
72%
Zaire Democratic Republic of the Congo
72%
Nokia Finland
72%
Rastafari Jamaica
72%
Squid Game South Korea
72%
Rihanna Barbados
70%
Borat Kazakhstan
70%
Vatnajökull Iceland
69%
Amundsen Norway
69%
Rhodesia Zimbabwe
68%
Redheads Ireland
65%
Petronas Malaysia
65%
Tutsi Rwanda
63%
Pirates Somalia
63%
Dictator North Korea
62%
K2 Pakistan
62%
Serengeti Tanzania
62%
Krakatoa Indonesia
60%
Alexander North Macedonia
60%
Ladyboys Thailand
60%
Atacama Chile
59%
Kung-Pao China
59%
Beer Czech Republic
58%
Mayans Guatemala
58%
Dodo Mauritius
58%
Coffeshops Netherlands
54%
Khalifa United Arab Emirates
53%
Matrjoshka Russia
51%
Kalahari Botswana
49%
Duchy Luxembourg
49%
Elon South Africa
49%
Pierogi Poland
47%
Karabakh Azerbaijan
42%
Hobbiton New Zealand
42%
Savior El Salvador
37%
Obesity Nauru
36%
(The) Rock Samoa
33%
Dahomey Benin
32%
E-Governance Estonia
27%
Ebola Sierra Leone
27%
Lucy Ethiopia
23%
Fertility Niger
22%
Cocoa Ivory Coast
20%
Halaib Sudan
15%
101 Taiwan
15%
Hebrides Vanuatu
14%
Nodding Bulgaria
10%
Tatratea Slovakia
9%
Mokorotlo Lesotho
6%
Bosawas Nicaragua
5%
CO2 Qatar
4%
Women Latvia
1%
No matching quizzes found
Score Distribution
Percent of People with Each Score
Percentile by Number Answered
Your Score History
You have not taken this quiz